000 01431nam a22003494a 4500
001 ebr10069610
003 CaPaEBR
006 m u
007 cr cn|||||||||
008 030312s2003 maua sb 100 0 eng
010 _z 2003047401
020 _z140207414X (alk. paper)
040 _aCaPaEBR
_cCaPaEBR
035 _a(OCoLC)614615256
050 1 4 _aTK7885.7
_b.S98 2003eb
082 0 4 _a621.39/5
_221
245 0 0 _aSystem specification & design languages
_h[electronic resource] :
_bbest of FDL'02 /
_cedited by Eugenio Villar, Jean Mermet.
246 3 0 _aSystem specification and design language
260 _aBoston :
_bKluwer Academic Publishers,
_cc2003.
300 _aviii, 340 p. :
_bill.
490 1 _aThe ChDL series
504 _aIncludes bibliographical references.
533 _aElectronic reproduction.
_bPalo Alto, Calif. :
_cebrary,
_d2013.
_nAvailable via World Wide Web.
_nAccess may be limited to ebrary affiliated libraries.
650 0 _aComputer hardware description languages
_vCongresses.
650 0 _aIntegrated circuits
_xVery large scale integration
_xDesign and construction
_vCongresses.
655 7 _aElectronic books.
_2local
700 1 _aVillar, Eugenio.
700 1 _aMermet, Jean P.
710 2 _aebrary, Inc.
830 0 _aChDL series.
856 4 0 _uhttp://site.ebrary.com/lib/rucke/Doc?id=10069610
_zAn electronic book accessible through the World Wide Web; click to view
999 _c29393
_d29393